Final environmental impact assessment: Viet Nam: Three cities sanitation project Haiphong Sub-project

Сохранить в:
Библиографические подробности
Главный автор: WB
Формат:
Язык:Undetermined
Опубликовано: Washington DC The World Bank 2004
Предметы:
Метки: Добавить метку
Нет меток, Требуется 1-ая метка записи!
Thư viện lưu trữ: Trung tâm Học liệu Trường Đại học Cần Thơ
LEADER 00564nam a2200193Ia 4500
001 CTU_62721
008 210402s9999 xx 000 0 und d
082 |a 363.7 
082 |b W927hp 
100 |a WB 
245 0 |a Final environmental impact assessment: Viet Nam: Three cities sanitation project Haiphong Sub-project 
245 0 |c WB 
260 |a Washington DC 
260 |b The World Bank 
260 |c 2004 
650 |a developping countries 
650 |x environmental aspects 
904 |i Minh 
980 |a Trung tâm Học liệu Trường Đại học Cần Thơ